000 00298nam a22001097a 4500
008 230620b xxu||||| |||| 00| 0 eng d
082 _a327.495041
_bIBS 1985
245 _aGreece and Great Britain During World War 1
260 _bInstitute of Balkan Studies
_c1985
300 _a257p
942 _2ddc
_cBK
999 _c1914
_d1914